OBESITY, HYPERTENSION AND INSULIN RESISTANCE IN CHILDHOOD

Bibliographic Details
Main Authors: Číhalík, Čestmír, 1949- (Author), Horáková, Dagmar, 1970- (Author), Pastucha, D. (Author), Hyjánek, J. (Author), Malinčíková, J. (Author), Janout, V. (Author)
Format: Article
Language:English

MARC

LEADER 00000nab a2200000uu 4500
001 vtls010903118
003 SK-MaSNL
005 20260305015909.0
008 230222|2008 xo |||||||||||||||||eng|
015 |a SNBRB 
035 |a (urnnbn)urn:nbn:sk:snk:ar-a07q37 
035 |a (uuid)3f228699-466e-4df3-af3c-c6568e8e64ce 
035 |a urn:nbn:sk:snk-ab8u84 
040 |a SNKBUCL  |b slo  |c SNKBUCL  |e AACR2 
041 0 |a eng 
044 |a xo  |c SK 
100 1 |a Číhalík, Čestmír,  |d 1949-  |4 aut  |9 262337 
245 1 0 |a OBESITY, HYPERTENSION AND INSULIN RESISTANCE IN CHILDHOOD  |c Č. Číhalík, D. Horáková, D. Pastucha, J. Hyjánek, J. Malinčíková, V. Janout 
700 1 |a Horáková, Dagmar,  |d 1970-  |4 aut  |9 670483 
700 1 |a Pastucha, D.  |4 aut  |9 1133817 
700 1 |a Hyjánek, J.  |4 aut  |9 1147491 
700 1 |a Malinčíková, J.  |4 aut  |9 1148392 
700 1 |a Janout, V.  |4 aut  |9 831500 
773 0 |t Acta medica Martiniana : journal for biomedical sciences, clinical medicine and nursing  |g Roč. 8, č. 1 (2008), s. 17-22 
958 |a OND 
958 |a EUIPO 
958 |a article10 
999 |c 3277739  |d 3279669